Diseño de bases de datos

Uloženo v:
Podrobná bibliografie
Hlavní autor: Wiederhold, Gio (Autor)
Médium: Kniha
Jazyk:španělština
Vydáno: Ciudad de México McGraw-Hill 1988
Témata:
Tagy: Přidat tag
Žádné tagy, Buďte první, kdo vytvoří štítek k tomuto záznamu!

MARC

LEADER 00000nam a2200000 a 4500
001 UCV5593
003 CL-VaPUC
008 920611e19880000MX |||||||||||||||||spa|d
082 0 4 |a 005.74  |b WIE  |2 21 
100 0 |a Wiederhold, Gio  |e author  |9 299899 
245 1 0 |a Diseño de bases de datos 
300 |a 921 p 
942 |c BK 
945 |d 19920611 00:00:00  |a mfernand 
260 |a Ciudad de México  |b McGraw-Hill  |c 1988 
650 0 |a Administración de bases de datos   |9 260338 
650 7 |a ORGANIZACION DE ARCHIVOS  |2 CL-VaPUC  |9 262420 
650 0 |a Ciencia de la computación  |9 260608 
650 0 |a Estructuras de datos (Informática)  |9 260607 
583 |a last modification  |c 19920611 00:00:00  |k Rodrigo Vera 
999 |c 212052  |d 212050